|
|
|
|
| LEADER |
00763nam a22002412a 4500 |
| 001 |
000142640 |
| 003 |
CZ BrMZK |
| 005 |
20161123105859.0 |
| 008 |
010907s1993 xr f cze d |
| 040 |
|
|
|a BOA001
|b cze
|
| 080 |
|
|
|a 621.319.45
|2 MRF
|
| 100 |
1 |
|
|a Hájek, Jan
|7 jx20040720106
|4 aut
|
| 245 |
1 |
0 |
|a Elektrolytické kondenzátory :
|b SMT /
|c J. Hájek
|
| 246 |
3 |
3 |
|a SMT
|
| 250 |
|
|
|a 1. vyd.
|
| 260 |
|
|
|a Praha :
|b A A,
|c 1993
|
| 300 |
|
|
|a 15 s.
|
| 490 |
1 |
|
|a A A. SMT ;
|v sv. 7
|
| 830 |
|
0 |
|a A A.
|p SMT
|0 s
|
| 910 |
|
|
|a BOA001
|b TK-0253.149
|
| 990 |
|
|
|a BK
|
| 996 |
7 |
|
|b 2629945235
|c TK-0253.149
|l MZK
|r Sklad / do 24 hodin
|n 2
|w 000142640
|u 000020
|a 1
|e BOA001
|j MZK50
|s A
|
| 996 |
7 |
|
|b 2629984138
|c TK-0253.149
|l MZK
|r Sklad / do 24 hodin
|n 4
|w 000142640
|u 000010
|a 1
|e BOA001
|j MZK50
|s A
|